000 00292nam a22001337a 4500
008 170620b xxu||||| |||| 00| 0 eng d
020 _a0865315280
041 _aeng
080 _a94
100 _a18
101 _aSHH
245 _aTHE CARIBBEAN CHALLENGE
_cERISMAN.H.M
942 _2udc
_cBK
999 _c18264
_d18264